| 000 | 02044cam a2200253 a 4500 | ||
|---|---|---|---|
| 001 | 13300839 | ||
| 003 | OSt | ||
| 005 | 20210223115218.0 | ||
| 008 | 030805s2002 ck 001 0 spa | ||
| 010 | _a 2003480791 | ||
| 020 | _a9583503754 | ||
| 040 |
_aDLC _cCO-JMCR _dDLC |
||
| 041 | 0 | _aspa | |
| 082 | 0 | 4 |
_a345.86105 _bM386p _223 |
| 100 | 1 |
_aMartínez Rave, Gilberto. _eautor _910176 |
|
| 245 | 1 | 0 |
_aProcedimiento penal colombiano / _cGilberto Martínez Rave. |
| 250 | _aDuodécima edición | ||
| 260 |
_aBogotá, Colombia : _bEditorial Temis, _c2002. |
||
| 300 |
_axxx, 870 páginas ; _c23 cm. |
||
| 500 | _aIncluye índices. | ||
| 505 | 0 | _aLucha contra la criminalidad -- Objeto, fines, principios rectores y formas del proceso -- Fuentes de derecho procesal penal -- Relaciones y diferencias entre el procedimiento penal y el procedimiento civil -- Delitos y contravenciones -- Acciones que nacen del delito -- De los perjuicios colectivos en el procedimiento penal -- Sujetos procesales -- La víctima de los delitos en al normatividad colombiana -- La prejudicialidad -- Impedimentos y recusaciones -- Policía judicial -- Funcionarios de instrucciones -- Iniciación de la instrucción la investigación previa -- Providencias judiciales y notificaciones -- Recursos ordinarios -- Términos -- Ineficacia de los actos procesales -- Terminación anticipada del proceso penal -- la conciliación y el pago de indemnización integral -- Privación de la libertad -- La prueba en el procedimiento penal -- De la declaración indagatoria interrogatorios -- Calificación del proceso -- Segunda etapa del proceso penal.la causa y juicio -- Las audiencias preparatoria y pública -- De la sentencia -- Recursos extraordinarios -- Vigencia de la ley 600 de 2000 inexequibilidad de algunas de sus normas -- Procedimientos penales -- Daños y perjuicios ocasionados con el delito y su evaluación -- La indemnización de perjuicio frente a las pensiones y los seguros | |
| 650 | 2 | 4 |
_aProcedimiento penal _zColombia. _98846 |
| 942 |
_2ddc _cBK |
||
| 999 |
_c7292 _d7292 |
||